Nuclear Physics (Record no. 1455)

MARC details
000 -LEADER
Fixed length control field 00513nam a2200181 4500
003 - CONTROL NUMBER IDENTIFIER
Control field SEACOMEC
005 - DATE AND TIME OF LATEST TRANSACTION
Control field 20240722152900.0
008 - FIXED-LENGTH DATA ELEMENTS--GENERAL INFORMATION
Fixed length control field 240722b |||||||| |||| 00| 0 eng d
020 ## - INTERNATIONAL STANDARD BOOK NUMBER / ISBN
International Standard Book Number 9788121904131
Price 300.00
040 ## - CATALOGING SOURCE
Original cataloging agency SEACOMEC
082 ## - DEWEY DECIMAL CLASSIFICATION NUMBER
Classification number 539.7
Book Number G427
100 ## - MAIN ENTRY--PERSONAL NAME
Personal name Ghoshal, S.N
245 ## - TITLE STATEMENT
Title Nuclear Physics
Statement of responsibility / S.N. Ghoshal
260 ## - IMPRINT
Place of publication New Delhi
Name of publisher : S Chand and Company Limited,
Date of publication 2006
300 ## - PHYSICAL DESCRIPTION
Page / Vol. No xvi, 845p
650 ## - SUBJECT ADDED ENTRY--TOPICAL TERM
Topical term Nuclear physics Nuclear physics -- Study and teaching-India
942 ## - ADDED ENTRY ELEMENTS (KOHA)
Koha item type Books
Holdings
Withdrawn status Lost status Source of classification Damaged status Not for loan Home library Current library Date acquired Total Checkouts Call number Accession number Date last seen Price effective from Koha item type Copy number
    Dewey Decimal Classification     SEACOM ENGINEERING COLLEGE SEACOM ENGINEERING COLLEGE 06/03/2007   539.7 G427 6216 22/07/2024 22/07/2024 Books  
    Dewey Decimal Classification     SEACOM ENGINEERING COLLEGE SEACOM ENGINEERING COLLEGE 06/03/2007   539.7 G427 6217 22/07/2024 22/07/2024 Books 1
    Dewey Decimal Classification     SEACOM ENGINEERING COLLEGE SEACOM ENGINEERING COLLEGE 06/03/2007   539.7 G427 6218 22/07/2024 22/07/2024 Books 2
    Dewey Decimal Classification     SEACOM ENGINEERING COLLEGE SEACOM ENGINEERING COLLEGE 06/03/2007   539.7 G427 6219 22/07/2024 22/07/2024 Books 3
    Dewey Decimal Classification     SEACOM ENGINEERING COLLEGE SEACOM ENGINEERING COLLEGE 06/03/2007   539.7 G427 6220 22/07/2024 22/07/2024 Books 4
    Dewey Decimal Classification     SEACOM ENGINEERING COLLEGE SEACOM ENGINEERING COLLEGE 06/03/2007   539.7 G427 6221 22/07/2024 22/07/2024 Books 5
    Dewey Decimal Classification     SEACOM ENGINEERING COLLEGE SEACOM ENGINEERING COLLEGE 06/03/2007   539.7 G427 6222 22/07/2024 22/07/2024 Books 6
    Dewey Decimal Classification     SEACOM ENGINEERING COLLEGE SEACOM ENGINEERING COLLEGE 06/03/2007   539.7 G427 6223 22/07/2024 22/07/2024 Books 7
© Seacom Engineering College, All rights reserved.      Powered by Koha